000 00862nam0a22002891 4500
001 rc\2226688
005 20250623094703.0
035 _a(NLR Aleph) 006708773
090 _a5320757
_c5320757
100 _a20110829d1978 |||y0rusy50 ca
101 0 _arus
102 _aRU
105 _ay z |||||
200 1 _aЗаикание
210 _aАлма-Ата
_cКазахстан
_d1978
215 _a92 с.
_d16
320 _aСписок лит.: с. 91
606 _aЗаикание
_2psbo
700 1 _aТайбогаров
_bС.Е.
_f1933-
_gСагинтай Есенгалиевич
701 1 _aМонакова
_bС.М.
_gСветлана Михайловна
801 0 _aRU
_bNLR
_gpsbo
801 1 _aRU
_bELAR
_2rusmarc
852 _aNLR
_j78-2/1640
899 _aRuMoRGB
_jБ 78-20/373
899 _aRuMoRGB
_jБ 78-20/374
942 _cBOOK
980 _aNB